Score 0/40 Timer 15:00
0 Plays Today
Description Anime % Correct
Detective Becomes ChildDetective Conan
84.5%
Food Gives OrgasmsFood Wars
84.4%
Light And ApplesDeath Note
82.2%
Rem Best GirlRe:Zero
81.9%
Kill My TeacherAssassination Classroom
81.9%
Satan Fights KFCHataraku Maou Sama
73.6%
ALL HAIL BRITANIA!Code Geass
68.6%
Bullet Boob PhysicsHigh School of the Dead
51.4%
Umbrellas Aren't FriendlyAnother
50.4%
Drunk Dragon LoverKobayashi san-chi no maid dragon
46.4%
Houkago Tea TimeK-On
37.8%
Mami's Head's GoneMadoka Magica
36.5%
Gender Swap WaterRanma 1/2
36.5%
Hideyoshi Isn't Female?Baka to Test to Shoukanjuu
35.2%
Fat Video GamerAccel World
31.8%
Hare Hare YukaiThe Melancholy of Haruhi Suzumiya
25.9%
Zombies Love HydrangeasSankarea
19.1%
Yandere/Yuri/LoliHappy Sugar Life
19.1%
Legendary Yamada TaeZombieland Saga
18.3%
Invisible Hand PartyElfen Lied
17.5%
Description Anime % Correct
Southpaw/Moving FastballDiamond no Ace
17.5%
Who Is Megu-nee?Gakkou Gurashi
15%
Breast Milk PowersSeikon no Qwaser
13.9%
Numbers/Magic/SisconMahouka Kokou no Rettousei
13.5%
Elementary/Girls/BasketballRo-Kyu-Bu
13.3%
Butlers And ReferencesHayate no Gotoku
12.8%
Maou/Yuusha/EconomicsMaoyuu Maou Yuusha
12.5%
Loli Vampire QueenDance in the Vampire Bund
11.5%
Dog/Scissors/AuthorInu to Hasami wa Tsukaiyou
11%
Negative Heart Lockon!Shugo Chara
11%
Hello Every NyanAzumanga Daioh
10.6%
Starfish Heat TimeClannad
8.6%
Fate Stay CatCarnival Phantasm
7.7%
Animal Ears/YuushaDog Days
7%
Aliens/Frogs/MemesSergaent Frog
6.7%
Gorgeous Delicious Deculture!Macross Frontier
6%
Fighting/Basically HentaiIkkitousen
5.2%
Student Council MokyuSeitokai no Ichizon
3.6%
Sengoku With GirlsOda Nobuna no Yabou
3.4%
Crossdressing/Girl's SchoolOtome wa Boku ni Koi Shiteru
1%
Remove Ads.
Support Sporcle.
Get the best of Sporcle when you Go Orange. This ad-free experience offers more features, more stats, and more fun while also helping to support Sporcle. Thank you for becoming a member.

You're not logged in!

Compare scores with friends on all Sporcle quizzes.
OR
Log In

Show Comments

Extras

Top Quizzes Today


Score Distribution

Your Account Isn't Verified!

In order to create a playlist on Sporcle, you need to verify the email address you used during registration. Go to your Sporcle Settings to finish the process.

Report this User

Report this user for behavior that violates our Community Guidelines.

Details: